| 000 | 00665nam a2200205Ia 4500 | ||
|---|---|---|---|
| 003 | GCL | ||
| 008 | 140319s9999 xx 000 0 ara d | ||
| 040 |
_aGCL / _cGCL |
||
| 082 | 0 | 4 |
_a658.403 _bج ن |
| 100 | 1 | _aيوسف محمد القبلان | |
| 245 | 1 | 0 |
_aنعم او لا: المرشد الى قرارات افضل / _cيوسف محمد القبلان |
| 700 | 1 | _aجونسن، سبنسر | |
| 700 | 1 | _aريم سالم السالم | |
| 260 |
_a[S.N] : _bمرامر للطباعة الالكترونية ، _c1994 |
||
| 300 | _a163 ص | ||
| 490 | _a | ||
| 650 | 0 | 4 | _aادارة الاعمال |
| 650 | 0 | 4 | _aاتخاذ القرارات |
| 942 |
_2ddc _cBK |
||
| 999 |
_c32976 _d32976 |
||